000 00495nam a2200193Ia 4500
003 OSt
005 20240424124725.0
008 210210b1989 xxu||||| |||| 00| 0 eng d
040 _aAL
_c
041 _aKannada
082 _aK894.2 NISA
100 _aNISARGAPRIYA
_921538
_dನಿಸರ್ಗಪ್ರಿಯ
245 _aAgni
_b ಅಗ್ನಿ
260 _aMangaluru
_bAbhivyakta Prakashana
_c1989
300 _a76
690 _aKannada Drama
_921539
906 _a042465
942 _2ddc
_cBK
999 _c92286
_d92286